| 000 | 00557nam a22001817a 4500 | ||
|---|---|---|---|
| 005 | 20251108164719.0 | ||
| 008 | 250721s1993 xx 000 0 ara d | ||
| 082 | 1 | 4 | _a812.9565/غرب |
| 100 | 1 | _aأبو غربية، عبد الجبار | |
| 245 | 1 | 0 |
_aمسرحية الجاهه : _bإحتفالية شعبية / |
| 264 | 1 |
_aعمان : _bدار جاد للنشر، _c1993. |
|
| 300 | _a99ص. | ||
| 490 | 0 | _aالمسرح العربي ؛1 | |
| 650 | 1 | 7 | _aالمسرحيات العربية |
| 650 | 1 | 7 | _aالأردن |
| 942 |
_2ddc _cBK |
||
| 999 |
_c12505 _d12505 |
||